Cell wall proteins and tapping panel dryness syndrome in rubber (Hevea brasiliensis) (Record no. 55254)

MARC details
000 -LEADER
fixed length control field 00510nam a2200169Ia 4500
100 ## - MAIN ENTRY--AUTHOR NAME
Personal name Bhatia P K
245 #0 - TITLE STATEMENT
Title Cell wall proteins and tapping panel dryness syndrome in rubber (Hevea brasiliensis)
260 ## - PUBLICATION, DISTRIBUTION, ETC. (IMPRINT)
Name of publisher Indian Journal of Natural Rubber Research
Year of publication 1994
300 ## - PHYSICAL DESCRIPTION
Number of Pages 59-62
650 ## - SUBJECT ADDED ENTRY--TOPICAL TERM
Topical Term Cell wall proteins
650 ## - SUBJECT ADDED ENTRY--TOPICAL TERM
Topical Term Hevea brasiliensis
650 ## - SUBJECT ADDED ENTRY--TOPICAL TERM
Topical Term Tappning panel dryness
700 ## - ADDED ENTRY--PERSONAL NAME
Personal name Thomas K U
700 ## - ADDED ENTRY--PERSONAL NAME
Personal name Vaidyanathan C S
942 ## - ADDED ENTRY ELEMENTS (KOHA)
Koha item type Journals
Holdings
Withdrawn status Lost status Damaged status Not for loan Home library Current library Date acquired Serial Enumeration / chronology Koha item type
      Journals RRII Library RRII Library 17/12/2021 Volume 7, Issue 1 Journals